| 000 | 00688nas a2200241 4500 | ||
|---|---|---|---|
| 001 | BR0804324 | ||
| 003 | BR-BrBNA | ||
| 005 | 20231205111812.0 | ||
| 007 | ta | ||
| 008 | 230509b bl.|||p| |||| 00| 00por d | ||
| 040 |
_aBR-BrBNA _bpor _cBiblioteca Nacional de Agricultura |
||
| 041 | _a(Pt) | ||
| 072 | _aL01; L70 | ||
| 100 | 1 | _aSchillinger, L. | |
| 100 | 1 | _aCheuiche, A.J. de V. | |
| 245 | 1 | _aLavagem tráqueo-pulmonar em répteis | |
| 650 | _aLAVAGEM | ||
| 650 | _aTRAQUÉIA | ||
| 650 | _aREPTIL | ||
| 773 | 0 |
_tA Hora Veterinária (Brazil) _xISSN 0101-9163 _g(Sep-Oct 2004), v. 24(141) p. 70-71 _wBR0804324 |
|
| 909 |
_a202311 _bLúcia _c55 _dLúcia Elande |
||
| 942 |
_2AGRIS _n0 _cANA |
||
| 999 |
_c194540 _d194540 |
||